000 01118nam a2200313 a 4500
001 000009125
003 DO-SdBPM
005 20260501113816.0
007 ta
008 090928s2002 dr a 001 0 spa d
020 _a9993486701
040 _aDO-SdBPM
_bspa
_cBPMSU
_drda
082 0 4 _aRD861.44
_bF819p 2002
_222
100 1 _aFrancisco, Ramón,
_d1929-
_eautor
_4aut.
245 1 3 _aLa patria montonera :
_bhistoria general del mundo /
_cRamón Francisco.
264 _aSanto Domingo :
_bNacional, Secretaría de Estado de Cultura,
_c2002.
300 _a433 páginas :
_bilustración ;
_c24 cm.
336 _atexto
_btxt
_2rdacontent
337 _asin mediación
_bn
_2rdamedia
338 _avolumen
_bnc
_2rdacarrier
490 0 _aAutores dominicanos contemporáneos ;
_aPoesía rosa de tierra,
_v1/1
_v
590 _aInventariado 2026/VM
600 1 4 _aFrancisco, Ramón,
_d1929-
_xCrítica e interpretación
650 4 _aPoesía dominicana
_xCrítica e interpretación
650 0 _aLiteratura dominicana.
650 z _aDominican literature
910 _aVMateo V. Control de calidad BPMSU
942 _2ddc
_cBK
999 _c15813
_d15813